|
|
|
|
| LEADER |
01410nam a2200385 a 4500 |
| 001 |
EBC469005 |
| 003 |
MiAaPQ |
| 005 |
20200520144314.0 |
| 006 |
m o d | |
| 007 |
cr cn||||||||| |
| 008 |
050609s2005 onca sb 001 0 eng d |
| 010 |
|
|
|z 2005277169
|
| 016 |
|
|
|z 2005900326X
|
| 020 |
|
|
|z 0470835680
|
| 024 |
3 |
|
|z 9780470835680
|
| 035 |
|
|
|a (MiAaPQ)EBC469005
|
| 035 |
|
|
|a (Au-PeEL)EBL469005
|
| 035 |
|
|
|a (CaPaEBR)ebr10295999
|
| 035 |
|
|
|a (CaONFJC)MIL320324
|
| 035 |
|
|
|a (OCoLC)608623775
|
| 040 |
|
|
|a MiAaPQ
|c MiAaPQ
|d MiAaPQ
|
| 050 |
|
4 |
|a HD57.7
|b .W4527 2005
|
| 055 |
|
0 |
|a HD57.7
|b .W525 2005
|
| 082 |
0 |
4 |
|a 658.4/092
|2 22
|
| 100 |
1 |
|
|a Weiss, David S.
|q (David Solomon),
|d 1953-
|
| 245 |
1 |
4 |
|a The leadership gap
|h [electronic resource] :
|b building leadership capacity for competitive advantage /
|c David S. Weiss, Vince Molinaro.
|
| 260 |
|
|
|a Mississauga, ON :
|b John Wiley & Sons Canada,
|c c2005.
|
| 300 |
|
|
|a xix, 333 p. :
|b ill.
|
| 504 |
|
|
|a Includes bibliographical references and index.
|
| 533 |
|
|
|a Electronic reproduction. Ann Arbor, MI : ProQuest, 2015. Available via World Wide Web. Access may be limited to ProQuest affiliated libraries.
|
| 650 |
|
0 |
|a Leadership.
|
| 655 |
|
4 |
|a Electronic books.
|
| 700 |
1 |
|
|a Molinaro, Vince,
|d 1962-
|
| 710 |
2 |
|
|a ProQuest (Firm)
|
| 856 |
4 |
0 |
|u https://ebookcentral.proquest.com/lib/matrademy/detail.action?docID=469005
|z Click to View
|